000 00792nam a2200265Ia 4500
005 20260121165738.0
008 008 260114s9999 xx 000 0 eng d
020 _a9783319335780
037 _aEBOOK
040 _aCRL
040 _beng
040 _cCRL
041 _2eng
041 _aeng
084 _qCRL
100 _aVladimir Fock, Andrey Marshakov, Florent Schaffhauser, Constantin Teleman, Richard Wentworth, Luis Alvarez Consul, Jørgen Ellegaard Andersen, Ignasi Mundet i Riera
_91055507
245 0 _aGeometry and Quantization of Moduli Spaces
260 _bSpringer
260 _bSpringer
260 _c2016
856 _uhttps://link.springer.com/openurl?genre=book&isbn=978-3-319-33578-0
942 _cEBOOK
999 _c1621235
_d1621235